Импульсный электрический пробой воды и гранита; Электричество; № 6

Opis bibliograficzny
Parent link:Электричество: теоретический и научно-практический журнал/ Российская академия наук (РАН), Отделение энергетики, машиностроения, механики и процессов управления ; Научно-техническое общество энергетики и электротехнической промышленности.— , 1886-
№ 6.— 2012.— С. 73-76
1. autor: Важов В. Ф. Владислав Фёдорович
Kolejni autorzy: Козлова Н. В.
Streszczenie:Проведены исследования вольт-секундных характеристик воды и гранита при пробое на спаде косоугольного импульса напряжения с целью реализации электроимпульсного эффекта. Показана возможность 100% го пробоя воды и гранита в определённом временном интервале. При этом пробивные напряжения гранита на спаде в 1,5 раза меньше, чем при пробое на фронте.
Język:rosyjski
Wydane: 2012
Hasła przedmiotowe:
Format: MixedMaterials Rozdział
KOHA link:https://koha.lib.tpu.ru/cgi-bin/koha/opac-detail.pl?biblionumber=532660

MARC

LEADER 00000naa2a2200000 4500
001 532660
005 20231101112940.0
035 |a (RuTPU)RU\TPU\prd\219858 
035 |a RU\TPU\prd\219857 
090 |a 532660 
100 |a 20140615a2012 k y0rusy50 ca 
101 0 |a rus 
102 |a RU 
200 1 |a Импульсный электрический пробой воды и гранита  |f В. Ф. Важов, Н. В. Козлова 
320 |a Библиогр.: с. 76 (14 назв.) 
330 |a Проведены исследования вольт-секундных характеристик воды и гранита при пробое на спаде косоугольного импульса напряжения с целью реализации электроимпульсного эффекта. Показана возможность 100% го пробоя воды и гранита в определённом временном интервале. При этом пробивные напряжения гранита на спаде в 1,5 раза меньше, чем при пробое на фронте. 
461 0 |0 (RuTPU)RU\TPU\prd\447  |t Электричество  |o теоретический и научно-практический журнал  |f Российская академия наук (РАН), Отделение энергетики, машиностроения, механики и процессов управления ; Научно-техническое общество энергетики и электротехнической промышленности  |d 1886- 
463 0 |0 (RuTPU)RU\TPU\prd\147621  |t № 6  |v С. 73-76  |d 2012 
610 1 |a труды учёных ТПУ 
700 1 |a Важов  |b В. Ф.  |c специалист в области энергетики  |c доцент Томского политехнического университета, кандидат технических наук  |f 1939-  |g Владислав Фёдорович  |2 stltpush  |3 (RuTPU)RU\TPU\pers\26506 
701 1 |a Козлова  |b Н. В. 
801 1 |a RU  |b 63413507  |c 20140428 
801 2 |a RU  |b 63413507  |c 20140615  |g RCR 
942 |c BK